| 000 | 01175cam a22002411i 4500 | ||
|---|---|---|---|
| 003 | SA-RiAUC | ||
| 005 | 20241007151837.0 | ||
| 008 | 241005s1998 su g f00010dara c | ||
| 040 |
_aSA-JeALM _bara _cSA-RiAUC _erda |
||
| 082 | 0 | 4 |
_a953.1012 _qSA-RiAUC |
| 090 |
_a953.1012 _bع ر ي |
||
| 100 | _a العريني ، عبد الرحمن بن علي العريني | ||
| 245 | 0 | 2 |
_a الإمام محمد بن سعود _b وجهوده في تأسيس الدولة السعودية الأولى / _c تأليف الدكتور عبد الرحمن بن علي العريني. |
| 264 | 1 |
_aالرياض : _bالأمانة العامة للاحتفال بمرور مائة عام على تأسيس المملكة، _c1999 |
|
| 300 |
_a127 صفحة ؛ _c20 سم |
||
| 336 |
_aنص _btxt _2rdacontent _3كتاب |
||
| 337 |
_aبدون وسيط _bn _2rdamedia |
||
| 338 |
_aمجلد _bnc _2rdacarrier |
||
| 600 | 0 | 7 |
_aمحمد بن سعود بن محمد بن مقرن، _cالإمام، _dتوفي 1179 هجري _2aucnm |
| 651 | 7 |
_aالسعودية _xتاريخ _yمحمد بن سعود، 1157-1179 هجري _2aucsh |
|
| 942 |
_2ddc _cBOOK _n0 |
||
| 949 |
_aSA-JeALM _d241005 _umohamedma123 _n1 |
||
| 999 |
_c987 _d987 |
||